000 00391cam a2200145ua 4500
003 OSt
008 240214b |||||||| |||| 00| 0 eng d
041 _aeng
082 _a028.75664
_bCEN/GU
245 _aGuide for reference in analytical and quality control laboratory /
250 _a1 /
260 _aBangalore :
_bCentre for processed foods ,
_c1996.
300 _a169 ; .
942 _cBK
999 _c8659
_d8659